Southville International School and Colleges
Your cart is empty.
  • Cart
  • Lists
    Public lists Eva Luna New books Lux_list list_1
    Your lists Log in to create your own lists
  • Log in to your account
  • Your cookies
  • Search history
Southville International School and Colleges
  • Advanced search
  • Recent comments
  • Most popular
  • Libraries

Log in to your account

Log in with GOOGLE


If you do not have an external account, but do have a local account, you can still log in:

  1. Home
  2. MARC view: Weather: air masses, clouds, rainfall, storms, weather maps, climate,
Normal view MARC view ISBD view

Weather: air masses, clouds, rainfall, storms, weather maps, climate, (Record no. 284575)

[ view plain ]
MARC details
000 -LEADER
fixed length control field 00909cam a22002771 4500
001 - CONTROL NUMBER
control field 7468197
003 - CONTROL NUMBER IDENTIFIER
control field PILC
005 - DATE AND TIME OF LATEST TRANSACTION
control field 20150603084712.0
008 - FIXED-LENGTH DATA ELEMENTS--GENERAL INFORMATION
fixed length control field 760319s1957 nyua b 000 0 eng
010 ## - LIBRARY OF CONGRESS CONTROL NUMBER
LC control number 57001339
035 ## - SYSTEM CONTROL NUMBER
System control number (OCoLC)2058827
040 ## - CATALOGING SOURCE
Original cataloging agency DLC
Transcribing agency AzU
Modifying agency DLC
042 ## - AUTHENTICATION CODE
Authentication code premarc
050 00 - LIBRARY OF CONGRESS CALL NUMBER
Classification number QC 863
Item number .L524 1957
082 ## - DEWEY DECIMAL CLASSIFICATION NUMBER
Classification number 551.5
100 1# - MAIN ENTRY--PERSONAL NAME
Personal name Lehr, Paul E.
245 10 - TITLE STATEMENT
Title Weather: air masses, clouds, rainfall, storms, weather maps, climate,
Statement of responsibility, etc by Paul E. Lehr, R. Will Burnett and Herbert S. Zim. Illustrated by Harry McNaught.
260 ## - PUBLICATION, DISTRIBUTION, ETC. (IMPRINT)
Place of publication, distribution, etc New York :
Name of publisher, distributor, etc Simon and Schuster,
Date of publication, distribution, etc 1957.
300 ## - PHYSICAL DESCRIPTION
Extent 160 pages :
Other physical details illustrations (chiefly color) ;
Dimensions 16 cm.
490 0# - SERIES STATEMENT
Series statement A Golden nature guide,
Volume number/sequential designation 507
500 ## - GENERAL NOTE
General note Includes bibliographical references.
650 #0 - SUBJECT ADDED ENTRY--TOPICAL TERM
Topical term or geographic name as entry element Meteorology.
650 #0 - SUBJECT ADDED ENTRY--TOPICAL TERM
Topical term or geographic name as entry element Weather.
906 ## - LOCAL DATA ELEMENT F, LDF (RLIN)
a 7
b cbc
c oclcrpl
d u
e ncip
f 19
g y-gencatlg
942 ## - ADDED ENTRY ELEMENTS (KOHA)
Source of classification or shelving scheme Library of Congress Classification
Koha item type Books
Call number prefix Foreign
Holdings
Withdrawn status Lost status Source of classification or shelving scheme Damaged status Home library Current library Shelving location Date acquired Source of acquisition Sub Shelving location Total Checkouts Full call number Barcode Date last seen Price effective from Koha item type
    Library of Congress Classification   College Library College Library General Circulation Section 06/03/2015 Library Fund     QC 863 .L524 1957 C19502 05/15/2018 06/03/2015 Books

Weather: air masses, clouds, rainfall, storms, weather maps, climate,

APA

Lehr P. E., . (1957). Weather: air masses, clouds, rainfall, storms, weather maps, climate. New York: Simon and Schuster.

Chicago

Lehr Paul E, . 1957. Weather: air masses, clouds, rainfall, storms, weather maps, climate. New York: Simon and Schuster.

Harvard

Lehr P. E., . (1957). Weather: air masses, clouds, rainfall, storms, weather maps, climate. New York: Simon and Schuster.

MLA

Lehr Paul E, . Weather: air masses, clouds, rainfall, storms, weather maps, climate. New York: Simon and Schuster. 1957.

  • Place hold
  • Print
  • Cite
  • Add to your cart (remove)
  • Save record
    BIBTEX Dublin Core MARCXML MARC (non-Unicode/MARC-8) MARC (Unicode/UTF-8) MARC (Unicode/UTF-8, Standard) MODS (XML) RIS
  • More searches
    Search for this title in:
    Other Libraries (WorldCat) Other Databases (Google Scholar) Online Stores (Bookfinder.com) Open Library (openlibrary.org)

Exporting to Dublin Core...

SOUTHVILLE LIBRARY

Southville International School and Colleges Library

1281 Tropical Ave. Cor. Luxembourg St., BF Homes International, Las Pinas City

Tel. No. 8256374 / 252358 Loc. 117/146

Powered by Koha